000 00265nam a2200097Ia 4500
001 642523
005 20250826153528.0
008 250824s9999 xx 000 0 und d
245 0 _aYERALTINDAN NOTLAR ANTİK YENİ
_cDOSTOYEVSKİ
260 _bANTİK DÜNYA KLASİKLERİ
999 _c642523
_d642523